Leadership management (Record no. 24568)

MARC details
000 -LEADER
fixed length control field 00460nam a2200169Ia 4500
008 - FIXED-LENGTH DATA ELEMENTS--GENERAL INFORMATION
fixed length control field 230917s9999||||xx |||||||||||||| ||und||
020 ## - ISBN
Price RS695
040 ## - CATALOGING SOURCE
-- 243377
Original cataloging agency VIVEKANANDA LIBRARY
041 ## - Language
-- English
082 ## - DDC NUMBER
Classification number 658.4092 M687L
100 ## - MAIN ENTRY--PERSONAL NAME
Personal name Mishra, Soumya
245 #0 - TITLE STATEMENT
Title Leadership management
260 ## - PUBLICATION, DISTRIBUTION, ETC. (IMPRINT)
Place of publication, distribution, etc New Delhi
Name of publisher, distributor, etc Avon Publications
Date of publication, distribution, etc 2015
300 ## - PHYSICAL DESCRIPTION
Pages vii, 128 p.
500 ## - GENERAL NOTE
General note 2931 20/11/2017 RBP17/67944 28/11/2017 IMSAR (Dev. & Research)
942 ## - ADDED ENTRY ELEMENTS (KOHA)
Koha item type Books
Holdings
Withdrawn status Lost status Damaged status Not for loan Location (home branch) Sublocation or collection (holding branch) Shelving location Date acquired Koha issues (times borrowed) Koha full call number Accession No. Koha date last seen Koha item type
        VIVEKANANDA LIBRARY VIVEKANANDA LIBRARY IMSAR Library 20/12/2017   658.4092 M687L 363951 17/09/2023 Books
        VIVEKANANDA LIBRARY VIVEKANANDA LIBRARY IMSAR Library 20/12/2017   658.4092 M687L 363952 17/09/2023 Books
        VIVEKANANDA LIBRARY VIVEKANANDA LIBRARY IMSAR Library 20/12/2017   658.4092 M687L 363953 17/09/2023 Books
        VIVEKANANDA LIBRARY VIVEKANANDA LIBRARY IMSAR Library 20/12/2017   658.4092 M687L 367956 17/09/2023 Books
        VIVEKANANDA LIBRARY VIVEKANANDA LIBRARY IMSAR Library 20/12/2017   658.4092 M687L 367957 17/09/2023 Books
© Designed and Maintained by Vivekananda Library, MDU Rohtak